Select Europe Countries on Map - Statistics

General Stats
  • This quiz has been taken 86 times
  • The average score is 38 of 45
Answers on the Map
Answers color-coded by a green-red scale on the quiz's map according to % correct below.
 
Answer Stats
Answer % Correct
France
94%
Ireland
94%
Portugal
94%
Russia
93%
Croatia
90%
Denmark
90%
Finland
90%
Italy
90%
Luxembourg
90%
Poland
90%
Spain
90%
Iceland
88%
Malta
88%
Sweden
88%
Belgium
87%
Germany
87%
Norway
87%
Switzerland
87%
Ukraine
87%
United Kingdom
87%
Vatican City
87%
Greece
85%
Andorra
84%
Austria
84%
Belarus
84%
Romania
84%
San Marino
84%
Czech Republic
82%
Estonia
82%
Latvia
82%
Netherlands
82%
North Macedonia
82%
Serbia
82%
Hungary
81%
Moldova
81%
Albania
79%
Bosnia and Herzegovina
79%
Monaco
79%
Slovenia
79%
Bulgaria
78%
Lithuania
78%
Liechtenstein
76%
Kosovo
75%
Slovakia
75%
Montenegro
71%
No matching quizzes found
Score Distribution
Percent of People with Each Score
Percentile by Number Answered
Your Score History
You have not taken this quiz